| 000 | 01065nam a22002894c 4500 | ||
|---|---|---|---|
| 003 | AR-BaSMT | ||
| 008 | 260401b2013 usa|||br|||| 00| 1 eng d | ||
| 020 | _a9780062110695 | ||
| 040 |
_aBSGB _bespañol _cBSGB _erda |
||
| 041 | 0 |
_aing _hInglés |
|
| 080 | _a82-34=111 | ||
| 100 | 1 |
_aDean, James, _9445 |
|
| 245 | 1 | 0 |
_aPete the cat : _bPete´s big lunch |
| 250 | _aPrimera edición | ||
| 264 | 1 |
_aNew york : _bHarpers Collins Publishers , _c2013 |
|
| 300 |
_a32 páginas ; _bilustraciones color |
||
| 336 |
_2rdacontent _atexto _btxt |
||
| 337 |
_2rdamedia _asin mediación _bn |
||
| 338 |
_2rdacarrier _avolumen _bnc |
||
| 490 | _aMy first reading | ||
| 520 |
_aPete the cat is hungry. Pete is going to make the grooviest sandwich ever! But what happens if his sandwich is too big for Pete to eat? _uhttps://www.petethecatbooks.com/books/9780062110701/pete-the-cat-petes-big-lunch/ 01/04/2026 |
||
| 521 | _aA partir de 6 años | ||
| 650 | 7 |
_98 _aLITERATURA INFANTIL |
|
| 650 | 7 |
_923 _aCUENTO _zEstados Unidos |
|
| 942 |
_2ddc _aBOOK |
||
| 999 |
_c610 _d610 |
||